000 00238nam a2200109Ia 4500
008 190912s9999||||xx |||||||||||||| ||und||
100 _aManiza Naqvi
245 0 _aMass Transit
260 _aUK
_bAddision
_c2000
300 _a194
942 _cBK
999 _c7559
_d7559